Arthur Kennedy Filmography - Statistics

General Stats
  • This quiz has been taken 3 times
  • The average score is 7 of 116
Answer Stats
Type Year Name % Correct
Film 1952 Bend of the River
67%
Film 1949 Champion
67%
Film 1957 Peyton Place
67%
Film 1955 The Man from Laramie
67%
Film 1951 Bright Victory
33%
Film 1947 Cheyenne
33%
Film 1964 Cheyenne Autumn
33%
Film 1949 Chicago Deadline
33%
Film 1960 Elmer Gantry
33%
Film 1962 Lawrence of Arabia
33%
Film 1952 Rancho Notorious
33%
Film 1951 Red Mountain
33%
Film 1958 Some Came Running
33%
Film 1955 The Naked Dawn
33%
Film 1941 They Died with Their Boots On
33%
Film 1955 Trial
33%
TV Show 1966 ABC Stage 67
0%
TV Film 1971 A Death of Innocence
0%
Film 1943 Air Force
0%
TV Show 1961 Alcoa Premiere
0%
Theater 1947 All My Sons
0%
Film 1968 A Minute to Pray, a Second to Die
0%
Theater 1940 An International Incident
0%
Film 1968 Anzio
0%
Film 1976 As of Tomorrow
0%
Film 1959 A Summer Place
0%
Film 1964 Attack and Retreat
0%
Film 1941 Bad Men of Missouri
0%
Film 1961 Barabbas
0%
Theater 1961 Becket
0%
Film 1978 Bermuda: Cave of the Sharks
0%
Film 1947 Boomerang
0%
TV Show 1969 CBS Playhouse
0%
Film 1940 City for Conquest
0%
Film 1961 Claudelle Inglish
0%
Film 1978 Covert Action
0%
Film 1955 Crashout
0%
TV Film 1972 Crawlspace
0%
Film 1978 Cyclone
0%
Film 1968 Day of the Evil Gun
0%
Theater 1949-1950 Death of a Salesman
0%
Film 1942 Desperate Journey
0%
Film 1946 Devotion
0%
Film 1978 Dirty World
0%
Short Film 1944 Ditch and Live
0%
Film 1976 Emmanuelle on Taboo Island
0%
TV Show 1963 Espionage
0%
TV Show 1956 Ethel Barrymore Theater
0%
Theater 1938-1939 Everywhere I Roam
0%
Film 1966 Fantastic Voyage
0%
TV Mini-Series 1965 F.D.R.
0%
TV Show 1960 General Electric Theater
0%
Film 1990 Grandpa
0%
Film 1969 Hail, Hero!
0%
Film 1962 Hemingway's Adventures of a Young Man
0%
Film 1941 High Sierra
0%
Film 1941 Highway West
0%
Film 1959 Home Is the Hero
0%
TV Film 1989 I Figli del Vento
0%
Film 1973 I Kiss the Hand
0%
Film 1954 Impulse
0%
Short Film 1946 It's Your America
0%
Film 1965 Joy in the Morning
0%
Film 1975 Killer Cop
0%
Film 1941 Knockout
0%
TV Show 1964 Kraft Suspense Theatre
0%
Film 1974 Let Sleeping Corpses Lies
0%
Theater 1939 Life and Death of an American
0%
Film 1967 Monday's Child
0%
Documentary 1969 Movin' On
0%
Film 1961 Murder, She Said
0%
Film 1965 Murieta
0%
Film 1971 My Old Man's Place
0%
TV Show 1974 Nakia
0%
Film 1966 Nevada Smith
0%
Film 1977 Nine Guests for a Crime
0%
TV Show 1959, 1960 Our American Heritage
0%
TV Show 1960 Playhouse 90
0%
Short Documentary 1943 Reconnaissance Pilot
0%
TV Show 1958 Rendezvous
0%
Training Film 1944 Resisting Enemy Interrogation
0%
Film 1973 Ricco the Mean Machine
0%
Film 1976 Rome Armed to the Teeth
0%
Theater 1952 See the Jaguar
0%
Film 1969 Shark!
0%
Film 1989 Signs of Life
0%
Film 1941 Strange Alibi
0%
TV Show 1960 Sunday Showcase
0%
Short Documentary 1945 Target - Invisible
0%
TV Show 1964 The Alfred Hitchcock Hour
0%
Film 1974 The Antichrist
0%
Documentary 1965 The Battle of the Bulge... The Brave Rifles
0%
Theater 1953 The Crucible
0%
TV Show 1962, 1964 The DuPont Show of the Week
0%
TV Show 1954 The Ford Television Theatre
0%
Film 1952 The Girl in White
0%
Film 1950 The Glass Menagerie
0%
Film 1979 The Humanoid
0%
Film 1978 The Last Angels
0%
Theater 1956 The Loud Red Patrick
0%
Film 1952 The Lusty Men
0%
Film 1974 The Man from Independence
0%
TV Film 1970 The Movie Murderer
0%
TV Film 1973 The President's Plane Is Missing
0%
Theater 1968 The Price
0%
Film 1956 The Rawhide Years
0%
Film 1977 The Sentinel
0%
TV Film 1959 The Ten Commandments
0%
Film 1949 The Walking Hills
0%
Film 1949 The Window
0%
Theater 1956 Time Limit!
0%
Short Film 1945 Time to Kill
0%
Film 1949 Too Late for Tears
0%
Film 1958 Twilight for the Gods
0%
Theater 1973 Veronica's Room
0%
TV Show 1959 Zane Grey Theater
0%
No matching quizzes found
Score Distribution
Percent of People with Each Score
Percentile by Number Answered
Your Score History
You have not taken this quiz